W.B. shops & establishemnt act, 1963 and W.B. shops & establishment rules, 1964 / (Record no. 125906)

MARC details
000 -LEADER
fixed length control field 00686nam a22002417a 4500
005 - DATE AND TIME OF LATEST TRANSACTION
control field 20170124110002.0
010 ## - LIBRARY OF CONGRESS CONTROL NUMBER
LC control number 565571
020 ## - INTERNATIONAL STANDARD BOOK NUMBER
Terms of availability 3.50
035 ## - SYSTEM CONTROL NUMBER
System control number 565571
037 ## - SOURCE OF ACQUISITION
Source of stock number/acquisition Cen Lib/Ret
040 ## - CATALOGING SOURCE
Original cataloging agency DPL
Language of cataloging EN
082 ## - DEWEY DECIMAL CLASSIFICATION NUMBER
Classification number 347.7
Item number CHA
100 ## - MAIN ENTRY--PERSONAL NAME
Personal name Chakravotty, Harasit
9 (RLIN) 15940
245 ## - TITLE STATEMENT
Title W.B. shops & establishemnt act, 1963 and W.B. shops & establishment rules, 1964 /
Statement of responsibility, etc by Harasit Chakravortty
246 ## - VARYING FORM OF TITLE
Remainder of title
250 ## - EDITION STATEMENT
Edition statement 3rd ed
260 ## - PUBLICATION, DISTRIBUTION, ETC. (IMPRINT)
Name of publisher, distributor, etc Law Chamber
Date of publication, distribution, etc 1965
Place of publication, distribution, etc Calcutta
270 ## - ADDRESS
City Calcutta
Address P.36 Radha bazar street
300 ## - PHYSICAL DESCRIPTION
Extent ix,47p.
Dimensions 19cm(Hb)
650 ## - SUBJECT ADDED ENTRY--TOPICAL TERM
Topical term or geographic name as entry element Law
9 (RLIN) 104
650 ## - SUBJECT ADDED ENTRY--TOPICAL TERM
Topical term or geographic name as entry element Act law
9 (RLIN) 71918
942 ## - ADDED ENTRY ELEMENTS (KOHA)
Source of classification or shelving scheme Dewey Decimal Classification
Koha item type English Books
Classification part 347.7
Call number suffix CHA
Holdings
Withdrawn status Lost status Damaged status Not for loan Home library Current library Date acquired Source of acquisition Cost, normal purchase price Total Checkouts Full call number Barcode Date last seen Copy number Cost, replacement price Price effective from Koha item type
        Central Library Central Library 24/06/2015 Cen Lib/Ret 3.50   347.7 CHA 565571 24/06/2015 1 3.50 24/06/2015 English Books

© Delhi Public Library
Hit Counter
free hit counter